ESPN Top 100 Athletes of the 21st Century - Statistics

General Stats
  • This quiz has been taken 2,611 times
  • The average score is 32 of 100
Answer Stats
# Sport Athlete % Correct
3 Soccer Lionel Messi
97%
1 Swimming Michael Phelps
96%
4 Basketball LeBron James
95%
13 Soccer Cristiano Ronaldo
94%
8 Golf Tiger Woods
92%
2 Tennis Serena Williams
88%
6 Tennis Roger Federer
86%
5 Football Tom Brady
84%
9 Track Usain Bolt
83%
86 Tennis Venus Williams
83%
14 Basketball Stephen Curry
82%
10 Basketball Kobe Bryant
81%
12 Tennis Rafael Nadal
81%
11 Tennis Novak Djokovic
79%
87 Soccer Ronaldo Nazario
78%
7 Gymnastics Simone Biles
76%
39 Basketball Kevin Durant
66%
19 Auto Racing Lewis Hamilton
64%
17 Basketball Shaquille O'Neal
61%
18 Football Patrick Mahomes
47%
67 Basketball James Harden
45%
26 Football Peyton Manning
45%
16 Basketball Tim Duncan
45%
28 Basketball Nikola Jokic
44%
66 MMA Jon Jones
42%
57 Football Calvin Johnson
41%
42 Basketball Giannis Antetokounmpo
41%
65 Soccer Kylian Mbappe
41%
35 Basketball Dwyane Wade
40%
47 Auto Racing Jimmie Johnson
40%
41 Basketball Dirk Nowitzki
39%
25 Boxing Floyd Mayweather
39%
15 Swimming Katie Ledecky
37%
29 Auto Racing Michael Schumacher
36%
94 Soccer Ronaldinho
35%
91 Football Aaron Rodgers
34%
62 Baseball Shohei Ohtani
33%
22 Hockey Sidney Crosby
32%
23 Basketball Kevin Garnett
31%
80 Tennis Andy Murray
30%
83 Basketball Chris Paul
30%
50 Soccer Zinedine Zidane
30%
30 Baseball Mike Trout
29%
54 Hockey Alex Ovechkin
28%
70 Soccer Andres Iniesta
28%
51 Basketball Steve Nash
27%
53 Baseball Derek Jeter
26%
84 Basketball Lauren Jackson
26%
43 Baseball Alex Rodriguez
25%
85 Basketball Kawhi Leonard
25%
55 Soccer Luka Modric
25%
72 Snowboarding Shaun White
25%
48 Soccer Thierry Henry
25%
75 Soccer Xavi Hernandez
25%
60 Basketball Candace Parker
23%
93 Golf Rory McIlroy
23%
71 Boxing Manny Pacquiao
22%
61 Football Ray Lewis
21%
95 Soccer Zlatan Ibrahimovic
21%
90 Basketball A'ja Wilson
19%
38 Baseball Barry Bonds
19%
98 Hockey Connor McDavid
19%
68 Golf Phil Mickelson
19%
27 Football Randy Moss
17%
31 Baseball Clayton Kershaw
16%
45 Baseball David Ortiz
15%
69 Basketball Jason Kidd
15%
24 Baseball Albert Pujols
14%
40 Baseball Justin Verlander
14%
20 Football Aaron Donald
13%
79 Baseball Bryce Harper
13%
58 Football J.J. Watt
12%
46 Baseball Max Scherzer
11%
33 Baseball Miguel Cabrera
11%
92 Baseball Pedro Martinez
11%
37 Baseball Ichiro Suzuki
10%
73 Baseball Mookie Betts
10%
59 Baseball Mariano Rivera
9%
64 Soccer Mia Hamm
9%
99 Football Ed Reed
8%
76 MMA Georges St-Pierre
8%
97 Cricket Virat Kohli
8%
21 Basketball Diana Taurasi
7%
32 Soccer Marta
7%
44 Skiing Mikaela Shiffrin
6%
63 Track Allyson Felix
5%
96 Football Darrelle Revis
5%
52 Baseball Adrian Beltre
4%
74 Basketball Lisa Leslie
4%
36 Basketball Maya Moore
4%
88 Baseball Roy Halladay
4%
78 Boxing Bernard Hopkins
3%
100 Football Charles Woodson
3%
77 Track Shelly-Ann Fraser Pryce
3%
49 Soccer Aitana Bonmati
2%
56 Soccer Alexia Putellas
2%
89 Golf Annika Sorenstam
2%
81 Basketball Sheryl Swoopes
2%
34 Basketball Tamika Catchings
2%
82 Gymnastics Kohei Uchimura
1%
No matching quizzes found
Score Distribution
Percent of People with Each Score
Percentile by Number Answered
Your Score History
You have not taken this quiz